| 000 | 00601 a2200169 4500 | ||
|---|---|---|---|
| 003 | OSt | ||
| 005 | 20231103152648.0 | ||
| 008 | 231103b |||||||| |||| 00| 0 eng d | ||
| 020 | _a9789393016546 | ||
| 040 | _coclc | ||
| 082 |
_a303.620954 _bKHA/K |
||
| 100 |
_a Khalidi, Omar _91768 |
||
| 245 |
_aKAKKIYUM VARGEEYA KALAPANGALUM INDIAYIL = _b Khaki and ethnic violence in India : armed forces, police, and paramilitary during communal riots / _cOmar Khalidi |
||
| 250 | _a2nd ed. | ||
| 260 |
_aKerala: _bOlive, _c2022. |
||
| 942 |
_2ddc _cBK _h303.620954 _iKHA/K _k303.620954 _mKHA/K |
||
| 999 |
_c42799 _d42799 |
||